000 00413 a2200133 4500
001 76015
005 20260320144937.0
010 _a9725400089
090 _a76015
100 _a20260320 pory50
200 _aO Brotar da Criação: um olhar dinâmico pela ciência, a filosofia e a teologia
_fSebastião J. Formosinho; J. Oliveira Branco
205 _a2 ª
210 _cUniversidade Católica Editora
_d1999
942 _cMON